000 00350nam a2200133Ia 4500
008 240624s9999 xx 000 0 und d
041 _aeng
082 _a658.4033 MOU
100 _aMOUHAMMED ADIL H
245 _aQUANTITATIVE METHODS FOR BUSINESS AND EC
260 _c2003
_aNew Delhi
_bPrentice-Hall
300 _ax, : 377 : p. : cm. ; 23
365 _cRS
999 _c393
_d393